| 000 | 00489nam a22001817a 4500 | ||
|---|---|---|---|
| 999 |
_c131544 _d131544 |
||
| 005 | 20230830114829.0 | ||
| 008 | 230830b ||||| |||| 00| 0 eng d | ||
| 020 | _a969442464X | ||
| 040 | _cPK-LaUMT | ||
| 082 |
_a891.4393 _bRAZ-S |
||
| 100 | _aRazia Butt = رضیہ بٹ | ||
| 245 |
_aShainah = شاءینہ / _cby Razia Butt = رضیہ بٹ |
||
| 260 |
_aLahore : _bMaqbool Academy, _c1992 |
||
| 300 | _a379 p | ||
| 650 | _aUrdu literature | ||
| 650 | _aUrdu fiction | ||
| 942 | _cBK | ||